000 00515nam a2200169 i 4500
001 44771
003 ES-MaACL
005 20230906161106.0
007 t|
008 030324s1946 sp ||||1| spa d
100 1 _aClaret Martí, Pompeyo.
_939012
245 1 0 _aDe la fiducia y del "trust"
_b: estudio de derecho comparado /
_cPompeyo Claret y Martí.
260 _aBarcelona :
_bBosch,
_c[1946] (
_fClarasó)
300 _a116 p. ;
_c23 cm.
650 0 4 _aFiducia.
_912772
852 _aES-MaACL
_j1855-F-10
_bR.23395
999 _c44771
_d44771